Odgadnij państwo po części jego flagi - Statystyki

Ogólne statystyki
  • Ten quiz został rozwiązany 83 razy
  • Średni wynik to 11 z 16
Statystyki odpowiedzi
Obrazkowy Odpowiedź % Poprawnych
Chiny
100%
Grecja
96%
Albania
92%
Korea Południowa
92%
Szwecja
91%
Słowacja
89%
Irak
88%
Portugalia
86%
Etiopia
70%
Ekwador
62%
Jamajka
55%
Kiribati
53%
Turkmenistan
51%
Belize
46%
Salwador
46%
Rwanda
26%
Nie znaleziono quizów pasujących do podanych kryteriów
Rozkład punktacji
Procent ludzi z każdym wynikiem
Percentyl według liczby udzielonych odpowiedzi
Twoja historia wyników
Nie rozwiązałeś tego quizu